| 000 | 00575nam a2200193 i 4500 | ||
|---|---|---|---|
| 001 | 17814 | ||
| 003 | ES-MaACL | ||
| 005 | 20230906151659.0 | ||
| 007 | t| | ||
| 008 | 010530s2000 sp ||||1| spa d | ||
| 020 | _a84-204-4219-4 | ||
| 080 | _a821.111(73)-31"19" | ||
| 100 | 1 |
_aRoth, Henry. _999950 |
|
| 245 | 1 | 3 |
_aUn trampolín de piedra sobre el Hudson / _cHenry Roth ; traducción de Beatriz Ruiz Arrabal. |
| 260 |
_aMadrid : _bAlfaguara, _c[2000] |
||
| 300 |
_a551 p. ; _c22 cm. |
||
| 700 | 1 |
_aRuiz Arrabal, Beatriz. _9100659 |
|
| 852 |
_aES-MaACL _jL-24692 _bR.129967 |
||
| 999 |
_c17814 _d17814 |
||